000 00592nam a22001697a 4500
005 20251108172547.0
008 250721s9999 xx 000 0 ara d
082 1 4 _a347/خال
100 1 _aخالد، عدلي أمير
245 1 0 _aالإرشادات العلمية في الدعاوي المدنية في ضوء ملاحظات التفتيش القضائي /
264 1 _aالإسكندرية :
_bمنشأة المعارف،
_c[19-].
300 _a1020 ص.
650 1 7 _aالقانون المدني
650 1 7 _aإجراءات المحاكم
942 _2ddc
_cBK
999 _c82550
_d82550